000 00705nam a2200253Ia 4500
003 OSt
005 20220918165545.0
006 a|||||r|||| 00| 0
007 ta
008 220917b |||||||| |||| 00| 0 eng d
020 _a8131209342 (pbk)
_c495
024 _a242,399
037 _b17, 24/06/2010, Ane Books India
_cTextual
040 _aARTS
_cARTS
_beng
041 _2eng
_aeng
082 _aX:9.2, P5
245 0 _aChange management
260 _aOxford
_bPergamon Flexible learning UK
_c2005
300 _axiv,119p.
_ccm.
490 _aManagement extra
650 _aECONOMICS
942 _hX:9.2, P5
_cTEXL
_2CC
999 _c130378
_d130378